000 00925cam a2200241 a 4500
001 15792515
005 20171002113215.0
008 090626s2010 caua 000 0 eng
020 _a9781580052962
020 _a1580052967
040 _cPK-LaUMT
082 0 0 _a305.90695082096751
_222
_bSHA-T
100 1 _aShannon, Lisa,
245 1 2 _aA thousand sisters :
_bmy journey of hope into the worst place on earth to be a woman /
_cLisa Shannon ; foreword by Zainab Salbi
260 _aBerkeley, Calif. :
_bSeal Press :
_bDistributed by Publishers Group West,
_c2010
300 _a335 p. :
_bill. ;
_c24 cm.
650 0 _aWomen and war
_zCongo (Democratic Republic)
650 0 _aWomen refugees
_zCongo (Democratic Republic)
650 0 _aWar victims
_zCongo (Democratic Republic)
650 0 _aCivil war
_zCongo (Democratic Republic)
650 0 _aHumanitarian assistance, American
_zCongo (Democratic Republic)
942 _cBK
999 _c98661
_d98661